Name all members of the Dream SMP - Statistics

General Stats
  • This quiz has been taken 269 times
    118 since last reset
  • The average score is 27 of 39
Answer Stats
Answer % Correct
Dream
98%
GeorgeNotFound
98%
Sapnap
94%
TommyInnit
94%
Tubbo
92%
Wilbur Soot
91%
Nihachu
89%
Philza
87%
Punz
85%
Quackity
85%
Ranboo
85%
Technoblade
83%
Badboyhalo
81%
Ponk
81%
Fundy
79%
Awesamdude
75%
Purpled
75%
Callahan
74%
Jack Manifold
74%
Karl Jacobs
74%
Skeppy
74%
Eret
70%
CaptainPuffy
68%
Hannahxxrose
68%
ItsAlyssa
64%
Jschlatt
64%
Vikkstar
64%
AntFrost
62%
FoolishGamers
62%
Hbomb
60%
Slimecicle
58%
ConnorEatsPants
53%
Lazarbeam
49%
Aimsey
45%
Eryn
40%
TinaKitten
40%
BoomerNA
38%
Michaelmcchill
38%
Seapeekay
30%
No matching quizzes found
Score Distribution
Percent of People with Each Score
Percentile by Number Answered
Your Score History
You have not taken this quiz since the last reset